| 000 | 00787nam a2200253 a 4500 | ||
|---|---|---|---|
| 008 | |||
| 020 | _a0137519834 (pbk.) | ||
| 049 | _aMAIN | ||
| 090 |
_aHF5415.33 _bSOL |
||
| 100 | 1 | _aSolomon, Michael. | |
| 245 | 1 | 0 |
_aConsumer behaviour : _ba European perspective / _cMichael Solomon, Gary Bamossy and Soren Askegaard. |
| 246 | 3 | _aConsumer behavior. | |
| 260 |
_aLondon : _bPrentice-Hall Europe, _c1999. |
||
| 300 |
_axviii, 589 p. : _bill. (some col.) ; _c25 cm. |
||
| 500 | _aIncludes index. | ||
| 650 | 0 |
_aConsumer behavior _zEurope. |
|
| 700 | 1 | _aBamossy, Gary. | |
| 700 | 1 | _aAskegaard, Soren. | |
| 907 |
_a.b10176238 _b23-02-15 _c21-09-05 |
||
| 003 | |||
| 005 | 20230123134418.0 | ||
| 040 | _cNUST | ||
| 942 |
_cBOOKS _kHF5415.33 _mSOL |
||
| 999 |
_c165473 _d165473 |
||